LIBRARY & INFORMATION CENTRE, KCAET, TAVANUR

ONLINE PUBLIC ACCESS CATALOGUE (OPAC)

Irikkappindam kadha parayunnu | ഇരിക്കപിണ്ഡം കഥ പറയുന്നു (Record no. 17619)

MARC details
000 -LEADER
fixed length control field 00436nam a22001577a 4500
003 - CONTROL NUMBER IDENTIFIER
control field OSt
008 - FIXED-LENGTH DATA ELEMENTS--GENERAL INFORMATION
fixed length control field 230221b |||||||| |||| 00| 0 eng d
041 ## - LANGUAGE CODE
Language code of text/sound track or separate title eng
082 ## - DEWEY DECIMAL CLASSIFICATION NUMBER
Classification number 894.8122
Item number DAV/IR
100 ## - MAIN ENTRY--AUTHOR NAME
Personal name Davis, E.D
245 ## - TITLE STATEMENT
Title Irikkappindam kadha parayunnu
Remainder of title ഇരിക്കപിണ്ഡം കഥ പറയുന്നു
250 ## - EDITION STATEMENT
Edition statement 1st
260 ## - PUBLICATION, DISTRIBUTION, ETC. (IMPRINT)
Place of publication Thrissur
Name of publisher Gaya Putthakachala
Year of publication 2019
300 ## - PHYSICAL DESCRIPTION
Number of Pages 88
942 ## - ADDED ENTRY ELEMENTS (KOHA)
Koha item type Books
Holdings
Withdrawn status Lost status Damaged status Home library Current library Date acquired Full call number Accession Number Koha item type
      KAUAET KAUAET 21/02/2023 894.8122 DAN/IR 26103 Books
free website counter